000 02270nam a22002657a 4500
003 Uzh_bibl
008 260515b |||||||| |||| 00| 0 ukr d
020 _a978-966-942-513-3
_c96.75
040 _bукр.
041 _2eng
_aukr
080 _a821(73)
090 _a821(73)
_bГ 49
100 _aГінтон,Сьюзен Елоїз
245 _aАутсайдери
_cПер. з англ. І. Серебрякової; ред. І.А. Коломієць
_hТекст
260 _aХарків
_bВіват
_c2019
300 _a192 с.
_fВ опр.
490 _aСерія "Художня література"
520 _aПодії розгортаються в американському містечку в 1960-ті роки. Підлітки із західних і східних кварталів, дві ворожі ватаги, уже давно ведуть війну, і йдеться не про дрібні хлопчачі конфлікти. Бідні діти вулиць і представники золотої молоді завжди знали лише один спосіб вирішити проблему — бійка. І от однієї страшної ночі їхнє життя змінилося назавжди…<br/><br/>Цей роман належить до світової класики XX століття, він здобув визнання мільйонів читачів, а ще став безперечно культовим для американської літератури. Авторка взялася за написання твору 1963 року, коли їй було п’ятнадцять, але це не завадило їй створити справжній взірець роману виховання — про непросте дорослішання, непоборні соціальні конфлікти та проблеми формування особистості.
521 _aДля широкого кола читачів
546 _aукр.
650 _aЛітературно-художнє видання
653 _aБійка
_aПідлітки
_aВорожнеча
655 _aПроза
_vРоман
942 _2udc
_cBK
999 _c17768
_d17768